Menej dramatická reakcia rezortu na integráciu vplyv vstupu do EÚ na poľnohospodárstvo
Výťah z vládneho materiálu Aktualizácia dopadov vstupu do EÚ na slovenské poľnohospodárstvo týkajúci sa efektov budúcej integrácie. Hodnotenie komparatívnych výhod vybraných odborov a výrobkov potravinárskeho priemyslu. Efekty integrácie na príjmy poľnohospodárstva a výdavky spoločnej hospodárskej p...
Salvato in:
| Natura: | Capitolo di libro |
|---|---|
| Lingua: | slovacco |
| Soggetti: | |
| Tags: |
Nessun Tag, puoi essere il primo ad aggiungerne!!
|
MARC
| LEADER | 00000naa a2200000 4500 | ||
|---|---|---|---|
| 001 | r036769 | ||
| 005 | 20230824102215.4 | ||
| 041 | 0 | |a slo | |
| 044 | |a SK | ||
| 245 | 1 | 0 | |a Menej dramatická reakcia rezortu na integráciu |b vplyv vstupu do EÚ na poľnohospodárstvo |
| 520 | |a Výťah z vládneho materiálu Aktualizácia dopadov vstupu do EÚ na slovenské poľnohospodárstvo týkajúci sa efektov budúcej integrácie. Hodnotenie komparatívnych výhod vybraných odborov a výrobkov potravinárskeho priemyslu. Efekty integrácie na príjmy poľnohospodárstva a výdavky spoločnej hospodárskej politiky EÚ. | ||
| 610 | 2 | 0 | |a poľnohospodárstvo |
| 610 | 2 | 0 | |a Slovensko |
| 610 | 2 | 0 | |a Európska únia |
| 610 | 2 | 0 | |a integrácia ekonomická medzinárodná |
| 610 | 2 | 0 | |a potravinárstvo |
| 610 | 2 | 0 | |a politika poľnohospodárska |
| 610 | 2 | 0 | |a konkurencieschopnosť |